00538nam a2200193 a 4500001001300000003000900013005001700022008004100039020001000080082001600090100001800106245004600124260004000170300001700210500003500227505003200262650003200294700001800326nice12345678IN_TiNIC20260116011726.0050524s1898 edia grp 000 0 eng  ac10000a220.52bYOU aYoung, Robert aYoung`s Literal Translation of the Bible. aEdinburghbG a Young and Co.,c1898 a586 and 178p aincludes index and biblioraphy2 afour volumes bound together aBible-Versions-Translations1 aYoung, Robert